| 000 | 00594nmm a2200169Ia 4500 | ||
|---|---|---|---|
| 008 | 251105s9999||||xx |||||||||||||||||und|| | ||
| 020 | _a9789588378824 | ||
| 041 | _aspa | ||
| 100 | _aArenas Mendoza, Hugo Andrés | ||
| 245 | 0 | _a¿Estado irresponsable o responsable? : La responsabilidad patrimonial del Estado colombiano, luego de la Guerra Civil de 1876-1877 | |
| 264 |
_a[Bogotá, Colombia] : _bUniversidad del Rosario, _c2009 |
||
| 300 | _a384 páginas | ||
| 490 | _aTextos de Jurisprudencia | ||
| 650 | _aLaw | ||
| 856 | _uhttps://public.digitaliapublishing.com/a/18381 | ||
| 942 | _cCF | ||
| 999 |
_c96607 _d96607 |
||